000 01383naa a22003737a 4500
001 BR6005014
003 BR-BrBNA
005 20240918172903.0
007 ta
008 230509b bl.||||| |||| 00| 0 por d
040 _aBR-BrBNA
_bpor
_cBiblioteca Nacional de Agricultura
041 _a(Pt)
072 _aF25
_b0180
_b0336
_b3810
_b3820
_b3830
090 _aF25 BR6005014
100 1 _aKochhann, R.A.
100 1 _aSiqueira, O.J.F. de
100 1 _aBorkert, C.M.
100 1 _aMartini, J.A.
111 1 _a6. Reuniao Anual Conjunta de Pesquisa de Trigo
_cPorto Alegre, RS (Brazil)
_d1 Apr 1974
245 1 _aDeterminacao das curvas de resposta a NPK, na sucessao trigo - soja. 5. Resultados de 1., 2. e 3. anos. Trigo, 1973 [Triticum spp; Glycine max]
260 3 _aPasso Fundo, RS (Brasil):
_c[nd].
500 _aPesquisa com trigo na Estacao Experimental de Passo Fundo Passo Fundo, RS (Brasil): [nd]. p. 157-183 (BR6005014-AM)F25
650 _aFERTILIDADE DO SOLO
650 _aTRIGO
650 _aSOJA
650 _aNPK
650 _aADUBACAO
650 _aFERTILIZANTE POTASSICO
650 _aFERTILIZANTE NITROGENADO
650 _aFERTILIZANTE FOSFATADO
773 0 _tPesquisa com trigo na Estacao Experimental de Passo Fundo
_wF25 BR6005014
_gPasso Fundo, RS (Brasil), [nd]. p. 157-183
909 _a202404
_bLucia
_c55
_dLucia Elande
942 _cAM
_2AGRIS
999 _c301918
_d301918